01229nas a2200301 4500001001300000003000900013005001700022007000300039008003400042040005400076041000900130072000800139100001800147100002100165100001600186245012300202246011500325650001800440650001600458650002000474650002000494773009800514856008100612909004000693942001800733999001900751952015700770BR2013008964BR-BrBNA20231205123210.0ta230509b bl.|||p| |||| 00| 00por d aBR-BrBNAbporcBiblioteca Nacional de Agricultura a(Pt) aK101 aLima, J.A. de1 aSantana, D.G. de1 aNappo, M.E.1 aComportamento inicial de espécies na revegetação da mata de galeria na Fazenda Mandaguari, em Indianópolis, MG1 aInitial behavior of species in revegetation of the gallery forest in the Mandaguari farm in Indianópolis, MG aVEGETAÇÃO aMATA CILIAR aREVEGETAÇÃO aARBORIZAÇÃO0 tRevista Árvore (Brazil)xISSN 0100-6762 g(Jul-Aug 2009), v. 33(4) p. 685-694wBR20130089644 uhttp://www.scielo.br/pdf/rarv/v33n4/v33n4a11.pdfyRecurso eletrônico (PDF) a202311bLúciac55dLúcia Elande 2AGRISn0cANA c232653d232653 002AGRIS4071a41918b41918cPeriódicos Agrícolash(Jul-Aug 2009), v. 33(4) p. 685-694l0r2023-11-29t01yCRePortaria Interministerial nº 164/94